Central Library OPAC University of Rajshahi
Normal view MARC view

Entry Personal Name

Number of records used in: 2

001 - CONTROL NUMBER

  • control field: 1640

003 - CONTROL NUMBER IDENTIFIER

  • control field: BD-RjUL

005 - DATE AND TIME OF LATEST TRANSACTION

  • control field: 20220302154744.0

008 - FIXED-LENGTH DATA ELEMENTS

  • fixed length control field: 220302|| aca||aabn | a|a d

040 ## - CATALOGING SOURCE

  • Original cataloging agency: BD-RjUL
  • Transcribing agency: BD-RjUL

100 ## - HEADING--PERSONAL NAME

  • Personal name: ভবভূতি
  • General subdivision: জীবনী

670 ## - SOURCE DATA FOUND

  • Source citation: Work cat.: (BD-RjUL)79476: বিশ্বাস, বেবী 1639, ভবভূতির দৃশ্যকাব্যে চরিত্র ও সমাজভাবনা /, ২০১৮